<?xml version="1.0" encoding="UTF-8"?>
<marc:record xmlns:marc="http://www.loc.gov/MARC21/slim">
   <marc:leader>00000nam a2200000 a 4500</marc:leader>
   <marc:datafield ind1="1" ind2=" " tag="100">
      <marc:subfield code="a">Bredgaard, Dorte</marc:subfield>
      <marc:subfield code="4">aut</marc:subfield>
      <marc:subfield code="e">Verfasser/-in</marc:subfield>
   </marc:datafield>
   <marc:datafield ind1=" " ind2=" " tag="653">
      <marc:subfield code="a">Gesundheit</marc:subfield>
   </marc:datafield>
   <marc:datafield ind1=" " ind2=" " tag="653">
      <marc:subfield code="a">Zähne</marc:subfield>
   </marc:datafield>
   <marc:datafield ind1=" " ind2=" " tag="653">
      <marc:subfield code="a">Zahnkrankheiten</marc:subfield>
   </marc:datafield>
   <marc:datafield ind1=" " ind2=" " tag="653">
      <marc:subfield code="a">Selbstheilung</marc:subfield>
   </marc:datafield>
   <marc:datafield ind1=" " ind2=" " tag="653">
      <marc:subfield code="a">Selbstentwicklung</marc:subfield>
   </marc:datafield>
   <marc:datafield ind1=" " ind2=" " tag="653">
      <marc:subfield code="a">Emotionen</marc:subfield>
   </marc:datafield>
   <marc:datafield ind1=" " ind2=" " tag="653">
      <marc:subfield code="a">neues Wissen</marc:subfield>
   </marc:datafield>
   <marc:datafield ind1=" " ind2=" " tag="653">
      <marc:subfield code="a">Softcover / Ratgeber/Spiritualität</marc:subfield>
   </marc:datafield>
   <marc:datafield ind1="0" ind2="0" tag="245">
      <marc:subfield code="a">Zähne lügen nicht</marc:subfield>
   </marc:datafield>
   <marc:datafield ind1="0" ind2="0" tag="245">
      <marc:subfield code="b">Ein Showdown mit der traditionellen Denkweise über Zahnkrankheiten und Zahngesundheit</marc:subfield>
   </marc:datafield>
   <marc:datafield ind1="0" ind2="0" tag="245">
      <marc:subfield code="c">Dorte Bredgaard</marc:subfield>
   </marc:datafield>
   <marc:datafield ind1=" " ind2="1" tag="264">
      <marc:subfield code="a">Berlin</marc:subfield>
      <marc:subfield code="b">epubli</marc:subfield>
      <marc:subfield code="c">2020</marc:subfield>
   </marc:datafield>
   <marc:datafield ind1=" " ind2=" " tag="250">
      <marc:subfield code="a">1. Auflage</marc:subfield>
   </marc:datafield>
   <marc:datafield ind1="1" ind2=" " tag="520">
      <marc:subfield code="a">Angaben aus der Verlagsmeldung

Zähne lügen nicht : Ein Showdown mit der traditionellen Denkweise über Zahnkrankheiten und Zahngesundheit / von Dorte Bredgaard

Dieses Buch wurde von der ehemaligen Zahnärztin Dorte Bredgaard geschrieben. Sie entdeckte früh in ihrer Karriere, dass die Erklärung der Wissenschaft für Zahnkrankheiten fehlerhaft war. Sie machte daher eine Entdeckung, um den wahren Hintergrund der Krankheiten zu finden, und entdeckte, dass unsere Zähne auf unsere Emotionen reagieren. Besonders die Emotionen, die nicht durch Kommunikation ausgedrückt werden.
Jede Zahnkrankheit beruht auf einem bestimmten Grundgefühl. Wenn wir das Thema in uns selbst erkennen und ändern, hört die Krankheit sofort auf.
Auf diese Weise können wir Heilung schaffen, anstatt nur die Symptome zu behandeln.
In dem Buch erhalten Sie detaillierte Kenntnisse über das Aussehen und die Struktur der Zähne, den emotionalen Hintergrund der Zahnerkrankungen und erhalten sogar Einblicke in das Lesen der Persönlichkeit anhand der Position der Zähne.
Das Buch ist reich illustriert mit Farbfotos von Zähnen
</marc:subfield>
   </marc:datafield>
   <marc:datafield ind1=" " ind2=" " tag="020">
      <marc:subfield code="a">9783753130835</marc:subfield>
      <marc:subfield code="9">9783753130835</marc:subfield>
   </marc:datafield>
   <marc:datafield ind1=" " ind2=" " tag="020">
      <marc:subfield code="a">3753130834</marc:subfield>
      <marc:subfield code="9">3753130834</marc:subfield>
   </marc:datafield>
   <marc:datafield ind1=" " ind2=" " tag="041">
      <marc:subfield code="a">ger</marc:subfield>
   </marc:datafield>
   <marc:datafield ind1=" " ind2=" " tag="300">
      <marc:subfield code="a">172 Seiten</marc:subfield>
   </marc:datafield>
</marc:record>
